000 00487nam a2200157Ia 4500
008 210716s2004 xx 000 0 und d
020 _a8178294575
041 _aeng
082 _a658.7 MENJ
100 _aMentzer, John T.
245 _aFundamentals of supply chain management: Twelve drivers of competitive advantage.
_bTwelve drivers of competitive advantage.
250 _a1
260 _aNew Delhi
_bResponse Books
_c2004
300 _a291
650 _aMaterials Management(658.7)
999 _c199587
_d199587